[Event "USA Championship 2021"]
[Site "Saint Louis"]
[Date "2021.10.09"]
[Round "4.4"]
[White "Sevian, Samuel"]
[Black "Swiercz, Dariusz"]
[Result "1/2-1/2"]
[WhiteElo "2654"]
[BlackElo "2647"]
[Annotator "TA"]
[PlyCount "219"]
[EventDate "2021.10.06"]
[EventCountry "USA"]
[SourceTitle "playchess.com"]
[Source "ChessBase"]
[SourceQuality "1"]

{[%evp 13,218,11,6,7,10,-4,20,14,10,10,12,12,13,11,8,7,15,0,25,15,20,17,17,17,14,0,0,0,0,0,0,0,36,24,38,13,19,15,12,0,0,0,0,0,0,-23,-54,-43,0,0,0,0,0,0,0,0,0,0,0,0,0,0,0,0,0,0,0,0,0,0,9,9,9,9,9,9,28,28,28,9,9,9,9,9,9,9,28,9,9,9,9,9,27,27,28,9,28,28,28,28,28,28,28,28,28,28,28,0,0,0,28,0,28,0,0,0,0,0,0,0,0,0,0,0,0,0,0,0,0,0,0,0,0,0,0,0,0,0,0,0,0,0,0,0,0,0,0,0,0,0,0,0,0,0,0,0,0,0,0,0,0,0,0,0,0,0,0,0,0,0,0,0,0,0,0,0,0,0,0,0,0,0,0,0,0,0,0,0,0,0,0,0,0,0,0,0,0,0,0,0,0,0,0,0,0,0,0]} 1. c4 e6 2. Nc3 d5 3. d4 Be7 4. Nf3 Nf6 5. Bf4 O-O 6. e3 Nbd7 7. cxd5 Nxd5 8. Nxd5 {D37: Queen's Gambit Declined: 5 Bf4.} exd5 9. Be2 Bb4+ 10. Nd2 Nf6 11. a3 Bd6 {[#]} 12. Bxd6 $146 ({Predecessor:} 12. Bg5 Bf5 13. O-O c6 14. b4 a5 15. b5 a4 16. Nf3 Qe7 17. Bd3 Qe6 18. Bxf6 Qxf6 {½-½ (37) Tan,Z (2487)-Khotenashvili,B (2513) Chengdu 2015}) 12... Qxd6 13. Bd3 a5 14. Qc2 Be6 15. O-O h6 16. Rfc1 Rfc8 17. Qc3 b6 18. b4 c6 19. bxa5 Rxa5 20. Qb4 Qc7 21. Nb3 Raa8 22. a4 Ng4 23. g3 h5 24. a5 bxa5 25. Nxa5 ({Don't go for} 25. Rxa5 $2 Rab8 $19) 25... h4 26. Qe1 hxg3 27. hxg3 Qd8 28. Kg2 Qg5 29. Qe2 c5 $1 30. Rh1 cxd4 31. exd4 g6 32. Nb3 Rxa1 33. Rxa1 Kg7 {[#] Strongly threatening ...Rh8.} 34. Nc5 Bf5 35. Rh1 Bxd3 36. Nxd3 Qf5 37. Rh4 Nf6 38. Rf4 Qe6 39. Qxe6 fxe6 $11 {[%mdl 4096] Endgame KRN-KRN} 40. Nc5 Rc6 41. Rf3 Ne4 42. Nxe4 dxe4 {KR-KR} 43. Rf4 Rc4 44. Rxe4 e5 45. Rxe5 {[#] Threatens to win with d5.} Rxd4 46. Kf3 Kf6 47. Re4 Rd2 48. Ra4 Rb2 49. Ke3 Rc2 50. f3 Rc6 51. Ke4 Re6+ 52. Kf4 Rb6 53. Kg4 Rc6 54. Kh4 Rc3 55. f4 Rc5 56. g4 Kg7 57. Ra7+ Kf8 58. Rd7 Ra5 59. Rb7 Rc5 60. Kg3 Rc3+ 61. Kf2 Ra3 (61... Rc2+ {is interesting.} 62. Kg3 Rc3+) 62. Rd7 Rb3 63. Ke2 Rg3 {The position is equal.} 64. g5 Ra3 65. Rd3 Ra4 66. Ke3 Ke7 67. Rb3 (67. f5 $5) 67... Rc4 68. Rb6 Kf7 69. Rb7+ (69. f5 {looks sharper.} gxf5 70. Rf6+ Kg7 71. Kf3 Rg4 72. Ra6) 69... Kf8 70. Rd7 Ra4 71. Rd4 Ra1 72. Rc4 Re1+ 73. Kd4 Kf7 74. Rc7+ Kf8 75. Ra7 Kg8 76. Kd5 (76. f5 $5 gxf5 77. Kd5 $11) 76... Kf8 77. Ra6 Kf7 78. Rf6+ (78. f5 $5 gxf5 79. Rh6 $11) 78... Kg7 79. Rb6 Rd1+ 80. Ke4 Re1+ 81. Kd3 $1 Rd1+ 82. Ke2 Ra1 83. Rb7+ Kf8 84. Rd7 Ra3 85. Rd3 Ra1 86. Rb3 Kf7 87. Ke3 Ra4 88. Rb7+ Kf8 89. Rd7 Kg8 90. Rd4 (90. f5 {keeps more tension.} gxf5 91. g6 Rg4 92. Ra7 Kf8 93. Rf7+) 90... Ra1 91. Ke4 Re1+ 92. Kd5 Kf7 93. Kd6 (93. Rb4 {is interesting.} Kf8 94. Rb6 Kg7 95. Rb7+ Kg8 96. Ra7) 93... Re6+ 94. Kc7 Re7+ 95. Kc6 {And now Rd7 would win.} Re6+ 96. Kc5 (96. Rd6 Ke7 $19) 96... Re2 97. Rd7+ Kf8 98. Kd5 Re1 99. Rc7 Kg8 100. Rc4 Kf7 101. Re4 Rd1+ (101... Ra1 {is more complex.} 102. Kd6 Rd1+ 103. Ke5 Rd7 104. Rb4 Re7+) 102. Ke5 (102. Kc4 {seems wilder.} Rc1+ 103. Kd4 Rb1 104. Ke3 Re1+ 105. Kd3) 102... Rd8 103. f5 {Black should prevent f6.} (103. Ra4 {with more complications.} Re8+ 104. Kd4 Re7 105. Kd5 Re1 106. Re4) 103... Re8+ 104. Kf4 Rxe4+ 105. Kxe4 {f6 would kill now.} gxf5+ 106. Kxf5 {KP-K} Kg7 107. g6 Kg8 108. Kf6 {Intending g7 and mate.} Kf8 109. g7+ Kg8 110. Kg6 {Weighted Error Value: White=0.04/Black=0.04} 1/2-1/2

[Event "USA Championship 2021"]
[Site "Saint Louis"]
[Date "2021.10.09"]
[Round "4.5"]
[White "Shankland, Sam"]
[Black "Dominguez Perez, Leinier"]
[Result "0-1"]
[WhiteElo "2714"]
[BlackElo "2760"]
[Annotator "TA"]
[PlyCount "110"]
[EventDate "2021.10.06"]
[EventCountry "USA"]
[SourceTitle "playchess.com"]
[Source "ChessBase"]
[SourceQuality "1"]

{[%evp 9,110,-2,5,11,9,11,18,0,0,0,8,0,0,5,9,9,17,17,17,16,21,26,27,28,22,24,14,25,41,0,0,-6,0,-10,-8,0,0,-8,-3,-3,-3,-3,-3,-8,-8,-8,-7,-4,-4,-8,-8,-15,-4,0,0,-8,-8,-8,-8,-8,-8,-8,-8,-143,-143,-143,-143,-143,-143,-143,-143,-151,-151,-272,-260,-445,-445,-660,-586,-1063,-3898,-2977,-2262,-845,-1803,-5706,-5289,-2804,-1510,-1737,-1768,-1486,-1411,-1326,-1057,-956,-557,-2663,-2651,-29976,-29978,-29971,-29970]} 1. d4 d5 2. Nf3 Nf6 3. Bf4 e6 4. e3 c5 5. c3 Bd6 6. Bb5+ {D02: 1 d4 d5 2 Nf3 sidelines, including 2...Nf6 3 g3 and 2...Nf6 3 Bf4.} Nc6 7. Bxc6+ {now scores much better than the old 7.Ne5.} bxc6 8. Bxd6 {The position is equal.} Qxd6 9. Qa4 O-O 10. Nbd2 cxd4 11. cxd4 c5 {[#]} 12. O-O $146 ({Predecessor:} 12. Qa3 Nd7 13. Rc1 Rb8 14. dxc5 Qc7 15. O-O a5 16. Nb3 Ba6 17. Rfd1 {0-1 (56) Rusev,K (2570)-Steinbuerg,K (2499) Chess.com INT 2017}) 12... Qa6 13. Qxa6 Bxa6 14. Rfc1 cxd4 15. Nxd4 Rab8 16. b3 Rfc8 17. N2f3 Kf8 18. Ne5 Ke8 19. f4 Ne4 20. a4 Rxc1+ 21. Rxc1 Rc8 22. Rxc8+ Bxc8 $11 {[%mdl 4096] Endgame KBN-KNN} 23. b4 f6 24. Nec6 a6 25. Na7 Bd7 26. b5 axb5 27. axb5 Ke7 28. b6 {aiming for b7.} Nc5 29. Nac6+ Bxc6 30. Nxc6+ {KN-KN} Kd6 31. Nd4 g6 32. Kf2 e5 33. fxe5+ fxe5 34. Nf3 Nd7 35. Ng5 h5 36. Nf7+ {White is now going downhill.} (36. b7 $11 {keeps the balance.}) 36... Ke7 $17 37. Ng5 Nxb6 38. e4 d4 39. Ke2 Nd7 40. Kd3 Nc5+ 41. Kc4 {[#]} (41. Ke2 $17) 41... Ne6 $1 $19 {[%cal Re6g5]} 42. Nf3 (42. Nh3 {was the only chance.}) 42... Kd6 43. g3 {[#]} (43. Nd2 $142 g5 44. Kb4) 43... g5 $1 {[%cal Rg5g4]} 44. h4 g4 45. Nd2 Nc5 46. Kb5 Nd3 47. Kc4 Nf2 48. Kb4 Kd7 49. Kc4 Nh1 50. Nf1 Kc6 51. Kb4 Kb6 52. Kc4 Ka5 53. Kd5 {[#]} Nxg3 $1 {[%mdl 512]} 54. Nd2 (54. Nxg3 d3) 54... Kb4 55. Nc4 Kc3 {Weighted Error Value: White=0.58/Black=0.15} 0-1

[Event "USA Championship 2021"]
[Site "Saint Louis"]
[Date "2021.10.09"]
[Round "4.6"]
[White "Naroditsky, Daniel"]
[Black "Lenderman, Aleksandr"]
[Result "0-1"]
[WhiteElo "2623"]
[BlackElo "2607"]
[Annotator "TA"]
[PlyCount "148"]
[EventDate "2021.10.06"]
[EventCountry "USA"]
[SourceTitle "playchess.com"]
[Source "ChessBase"]
[SourceQuality "1"]

{[%evp 9,148,0,0,6,10,2,0,4,2,0,0,0,8,0,-7,-15,-8,-47,-47,-40,-38,-39,-40,-50,-40,-55,-28,-33,-31,-26,-18,-39,-32,-35,-15,-12,-4,-17,-4,-31,0,0,-5,-37,-38,-38,-42,-30,-31,-83,-77,-68,-72,-63,-63,-108,-90,-75,-75,-140,-113,-146,-155,-138,-123,-156,-146,-221,-227,-254,-253,-259,-245,-290,-219,-266,-249,-264,-226,-219,-208,-294,-281,-339,-294,-300,-223,-289,-296,-392,-384,-384,-384,-384,-384,-384,-362,-364,-356,-365,-366,-354,-341,-535,-514,-578,-581,-574,-574,-583,-557,-556,-558,-539,-522,-471,-374,-825,-872,-6053,-6016,-29962,-29964,-29961,-29965,-29968,-29965,-29963,-29962,-29969,-29969,-29969,-29970,-29970,-29971,-29970,-29971,-29970,-29970,-12830,-4627]} 1. d4 Nf6 2. Nf3 d5 3. e3 c5 4. Nbd2 cxd4 5. exd4 Qc7 6. Bd3 {D04: Colle System.} Nc6 7. c3 Bg4 8. Qa4 {The position is equal.} Bd7 $5 {[%mdl 4] Exploring less charted territory.} 9. Qc2 Rc8 10. a3 {[#]} Bg4 $146 ({Predecessor:} 10... g6 11. O-O Bg7 12. Re1 O-O 13. Nb3 Nh5 14. Qd2 b6 15. Qe3 e5 16. dxe5 Rce8 {0-1 (22) Alieva,A (1864)-Ushakova,I (2162) Samara 2009}) 11. Qa4 e6 12. Ne5 Bh5 13. Nf1 Bd6 14. f4 Bg6 {[%cal Rd6e5]} 15. Be2 Be4 16. Ne3 O-O 17. O-O Nd7 18. Qd1 f6 {[%cal Rd7e5]} 19. Nxd7 Qxd7 20. Bd3 Bxd3 21. Qxd3 f5 22. Bd2 Ne7 23. b3 Rcd8 24. Rad1 Bc7 (24... Bxa3 $2 25. b4 $18) 25. Be1 Ng6 26. Bg3 Bd6 27. Rf3 Qc7 {[%cal Rg6f4]} (27... Bxa3 28. b4 $14) 28. Rdf1 h5 29. h3 ({Better is} 29. h4 $15) 29... h4 $17 30. Bh2 Bxa3 31. b4 Rc8 $1 $36 {[%mdl 2048] Black fights for an advantage.} 32. Nd1 a5 33. bxa5 Qxa5 34. Re3 (34. Kh1 $142) 34... Rf6 35. Rfe1 Rc6 36. Kh1 Bf8 37. g3 hxg3 38. Rxg3 (38. Bxg3 $17 {is a better defense.} Qc7 39. Qf1) 38... Ne7 $19 {[%cal Bg6e7,Be7c8,Bc8d6][%mdl 32]} (38... Nxf4 39. Qf3 $17) 39. Reg1 Nc8 40. Qf3 Nd6 41. Qh5 Qd8 42. R3g2 Qe7 43. Bg3 Qf7 (43... Rh6 44. Qxh6 gxh6 45. Bh4+ Qg7 46. Rxg7+ Bxg7 47. Bf6 $17) 44. Qf3 Rh6 45. h4 (45. Be1 $142) 45... Be7 46. Be1 Bf6 47. Nb2 Qh5 48. Qh3 Ne4 49. Nd3 Rc7 50. Ne5 Bxh4 51. Rh2 {[%cal Rh3h4]} Bxe1 52. Qxh5 Rxh5 53. Rxh5 Ng3+ ({Less strong is} 53... Rxc3 54. Kg2 $19) ({Weaker is} 53... Bxc3 54. Nf3 $19) 54. Rxg3 Bxg3 {[%mdl 4096] Endgame KRB-KRN} 55. Ng6 Kf7 ({Much less strong is} 55... Rxc3 56. Kg2 $19) 56. Ne5+ (56. Rg5 $142 Be1 57. Ne5+ Kf8 58. Rg6) 56... Kf6 57. Rg5 Bxf4 58. Rg6+ Ke7 59. Rxg7+ Kd6 60. Nf7+ Kc6 61. Nd8+ Kb5 62. Rg6 e5 63. dxe5 $2 {[#]} (63. Kg2) 63... Bxe5 64. Rg5 Bf6 65. Rxf5 Bxd8 66. Rxd5+ Kc4 67. Rxd8 Kxc3 {KR-KR} 68. Rd5 Rg7 69. Rh5 Kb4 70. Rh4+ Ka5 71. Rh2 b5 72. Ra2+ Kb4 73. Rb2+ Kc4 74. Rc2+ Kb3 {Weighted Error Value: White=0.20/Black=0.08} (74... Kd3 $142 75. Rb2 Kc4 76. Rc2+ Kb3) 0-1

[Event "USA Championship 2021"]
[Site "Saint Louis"]
[Date "2021.10.11"]
[Round "5.1"]
[White "Caruana, Fabiano"]
[Black "Naroditsky, Daniel"]
[Result "0-1"]
[WhiteElo "2800"]
[BlackElo "2623"]
[Annotator "TA"]
[PlyCount "114"]
[EventDate "2021.10.06"]
[EventCountry "USA"]
[SourceTitle "playchess.com"]
[Source "ChessBase"]
[SourceQuality "1"]

{[%evp 15,114,37,37,22,16,24,18,22,22,21,16,13,19,11,16,0,9,-16,4,0,3,11,32,25,33,14,19,10,25,0,0,0,0,0,0,5,12,0,0,0,0,0,0,-5,-9,-17,-12,-12,-16,-22,0,-4,-4,-81,-82,-73,-89,-292,-257,-291,-291,-292,-287,-287,-287,-277,-279,-285,-285,-313,-313,-313,-308,-694,-693,-659,-642,-631,-574,-935,-896,-1285,-1045,-29970,-29971,-29970,-29972,-29965,-29969,-29971,-29974,-29975,-29976,-29978,-29979,-29981,-29982,-29982,-29983,-29983,-29981]} 1. e4 e5 2. Nf3 Nc6 3. Bb5 a6 4. Ba4 d6 5. O-O Bd7 6. c3 Nf6 7. Re1 g6 $1 {[%mdl 4] is now more promising than 7...Be7.} 8. d4 Bg7 9. Nbd2 {C79: Ruy Lopez: Steinitz-type lines with 3...a6 4 Ba4 Nf6 5 0-0 d6.} exd4 $5 {[%mdl 4] A promising side line.} 10. cxd4 O-O $1 11. h3 {The position is equal.} Nb4 12. Bxd7 Qxd7 13. Qb3 a5 {[%cal Ba6a5,Ba5a4][%mdl 32]} 14. a3 Nc6 {[%cal Bb4c6,Bc6a5,Ba5b3][%mdl 32]} 15. Nf1 (15. Qxb7 $2 Rfb8 $19) 15... a4 16. Qd3 Na5 {[#]} 17. Bg5 $146 ({Predecessor:} 17. Bf4 b5 18. Rad1 Nc4 19. Qc2 c6 20. Ng3 Rfc8 21. Qc1 Qd8 22. Re2 Qf8 23. h4 {½-½ (32) Bruzon Batista,L (2689)-Short,N (2688) Ottawa 2013}) 17... Nb3 18. Rad1 h6 19. Bxf6 Bxf6 20. N1d2 {[%cal Bf1d2,Bd2b1,Bb1c3][%mdl 32]} Na5 21. Nb1 b5 22. Qc2 Bg7 23. Nc3 c6 24. e5 Rfe8 25. Ne4 Nc4 26. exd6 Nxd6 27. Ne5 Qf5 28. g4 (28. Qxc6 Nxe4 29. Rxe4 f6 $17) 28... Qe6 {Threatens to win with ...Nxe4.} 29. Nc3 ({Don't play} 29. Qxc6 Nxe4 30. Qxe6 (30. Qxe4 f6 $19) 30... Rxe6 $17) 29... Rac8 30. Re2 Qb3 31. Qxb3 axb3 32. Kg2 c5 33. dxc5 Nc4 34. Nxc4 (34. Nd3 $1 $11 Rxe2 35. Nxe2) 34... Rxe2 $17 35. Nxe2 {aiming for Na5.} bxc4 $11 {[%mdl 4096] Endgame KRB-KRN} 36. Rc1 $2 {Now White is beyond hope.} (36. Nc3 $17) 36... Bxb2 $19 37. Rxc4 Bxa3 38. c6 b2 39. Nc3 Bf8 40. Nb1 {[#]} Bg7 $1 41. Kf3 {[#]} Kf8 $1 42. h4 Ke7 43. h5 Kd6 44. hxg6 $2 (44. Rf4 gxh5 45. gxh5) 44... fxg6 45. Rb4 Rxc6 46. Rb7 Be5 47. Nd2 Rc2 48. Ke3 Kc6 49. Rb3 Rc3+ {Black mates.} 50. Rxc3+ Bxc3 {KB-KN} 51. Nb1 Bb4 52. f4 Kd5 53. Kd3 h5 54. f5 hxg4 55. fxg6 Ke6 56. Ke4 g3 ({And not} 56... Kf6 57. Kf4 $11) 57. Kf3 Bd6 {Weighted Error Value: White=0.40/Black=0.02} 0-1

[Event "USA Championship 2021"]
[Site "Saint Louis"]
[Date "2021.10.11"]
[Round "5.2"]
[White "Dominguez Perez, Leinier"]
[Black "Burke, John M"]
[Result "1/2-1/2"]
[WhiteElo "2760"]
[BlackElo "2554"]
[Annotator "TA"]
[PlyCount "83"]
[EventDate "2021.10.06"]
[EventCountry "USA"]
[SourceTitle "playchess.com"]
[Source "ChessBase"]
[SourceQuality "1"]

{[%evp 26,83,19,5,31,44,29,35,36,30,40,20,26,10,10,4,7,0,5,0,0,0,0,0,0,0,0,0,0,0,0,-4,0,0,0,0,0,0,0,0,0,0,0,0,0,0,0,0,0,0,0,0,0,0,0,0,0,0,0,0]} 1. e4 e5 2. Nf3 Nc6 3. Bb5 a6 4. Ba4 Nf6 5. O-O Be7 6. Re1 b5 7. Bb3 O-O 8. c3 d5 9. exd5 Nxd5 10. Nxe5 Nxe5 11. Rxe5 c6 12. d3 Bd6 13. Re1 Bf5 14. Qf3 Qh4 {C89: Closed Ruy Lopez: Marshall Attack.} 15. g3 ({Of course not} 15. Bxd5 Bxh2+ 16. Kf1 Bg4 $17) 15... Qh3 16. Be3 Bxd3 {White is slightly better.} ({But not} 16... Nxe3 17. Rxe3 Rac8 18. Nd2 $16) 17. Nd2 Bf5 18. Bd4 Rfd8 {[#]} 19. a4 $146 {[#] Threatens to win with axb5.} ({Predecessor:} 19. Ne4 Bf8 20. Ng5 Qg4 21. Qxg4 Bxg4 22. f3 Bh5 23. Kg2 c5 24. Bf2 h6 25. Nh3 {½-½ (56) Wang,J (2459)-Harutyunian,T (2542) Saint Louis 2019}) 19... Bg4 {The position is equal.} 20. Qe4 {Strongly threatening axb5.} Rac8 21. Nf3 {White wants to play axb5.} Bf5 {[#]} 22. Ng5 Bxe4 {[%csl Ge4][%cal Rh3g2]} 23. Nxh3 Bf5 24. Ng5 Bf8 25. axb5 axb5 26. Ra7 Bg6 27. Rb7 c5 28. Rxb5 cxd4 29. Rxd5 Rxd5 30. Bxd5 dxc3 31. bxc3 Rxc3 32. Be4 h6 33. Bxg6 hxg5 $11 {[%mdl 4096] Endgame KRB-KRB} 34. Be4 g6 35. Re2 Kg7 36. Rc2 Rxc2 37. Bxc2 {KB-KB} Bc5 38. Kg2 Bb6 39. Bd3 Bc5 40. Bc2 Bb6 41. Bd3 Bc5 42. Bc2 {Weighted Error Value: White=0.03/Black=0.02} 1/2-1/2

[Event "USA Championship 2021"]
[Site "Saint Louis"]
[Date "2021.10.11"]
[Round "5.3"]
[White "Swiercz, Dariusz"]
[Black "Robson, Ray"]
[Result "1/2-1/2"]
[WhiteElo "2647"]
[BlackElo "2669"]
[Annotator "TA"]
[PlyCount "84"]
[EventDate "2021.10.06"]
[EventCountry "USA"]
[SourceTitle "playchess.com"]
[Source "ChessBase"]
[SourceQuality "1"]

{[%evp 14,84,16,15,12,11,25,0,21,22,15,16,22,17,12,16,14,27,29,30,28,34,28,26,26,26,28,27,46,25,27,40,16,8,8,8,8,8,8,8,5,9,15,0,0,0,4,0,0,0,0,0,0,0,0,0,0,0,0,0,0,0,0,0,0,0,0,0,0,0,0,0,0]} 1. e4 e5 2. Nf3 Nc6 3. Bc4 Nf6 4. d3 Bc5 5. c3 O-O 6. O-O d6 7. Re1 h6 8. h3 a6 {C54: Giuoco Piano: 4 c3 Nf6, main lines with 5 d4 and 5 d3.} 9. a4 $1 {[%mdl 4] outshines the older 9.Bb3.} Ba7 10. b4 Re8 11. Nbd2 Be6 12. Bxe6 Rxe6 13. Qc2 Qd7 14. Nf1 d5 15. Be3 d4 16. cxd4 Nxd4 17. Nxd4 Bxd4 18. Bxd4 Qxd4 19. Qxc7 Qxd3 20. Qxb7 {[#]} Ree8 $146 ({Predecessor:} 20... Qd8 21. Red1 Qb8 22. Qxb8+ Rxb8 23. f3 Rxb4 24. Ne3 g6 25. a5 Kg7 26. Rdb1 Rxb1+ 27. Rxb1 {½-½ (55) Grischuk,A (2777)-Rapport,R (2759) Chess.com INT 2020}) 21. Red1 Qxe4 22. Qxe4 Nxe4 23. Rac1 {The position is equal.} Rec8 24. Rxc8+ Rxc8 $11 {[%mdl 4096] Endgame KRN-KRN} 25. Ne3 Nc3 26. Rd6 Nxa4 27. Rxa6 Nc3 28. Ra5 Rb8 29. Rc5 Na4 30. Rxe5 Rxb4 31. g4 Nc3 32. Kg2 Ne4 33. Nd5 Ra4 34. Nb6 Rd4 35. Re8+ Kh7 36. Nd7 {[#] Threatens to win with Nf8+.} Rxd7 37. Rxe4 {KR-KR} g5 38. Ra4 Rd3 39. Re4 Kg7 40. Ra4 Kh7 41. Re4 Kg7 42. Ra4 Kh7 {Weighted Error Value: White=0.02/Black=0.02} 1/2-1/2

[Event "USA Championship 2021"]
[Site "Saint Louis"]
[Date "2021.10.11"]
[Round "5.4"]
[White "Bruzon Batista, Lazaro"]
[Black "So, Wesley"]
[Result "1/2-1/2"]
[WhiteElo "2645"]
[BlackElo "2778"]
[Annotator "TA"]
[PlyCount "59"]
[EventDate "2021.10.06"]
[EventCountry "USA"]
[SourceTitle "playchess.com"]
[Source "ChessBase"]
[SourceQuality "1"]

{[%evp 9,59,18,16,4,18,0,0,-14,0,-2,0,0,0,-8,38,38,38,34,31,34,46,13,27,26,18,11,11,11,18,6,3,3,3,0,6,2,8,4,23,9,35,0,0,0,14,12,14,0,11,0,12,0]} 1. e4 e5 2. Nf3 Nf6 3. Nxe5 d6 4. Nd3 Nxe4 5. Qe2 Qe7 6. Nf4 {[#] Strongly threatening Nd5. C42: Petroff Defence: 3 Nxe5 and unusual White 3rd moves.} Nc6 {Hoping for ...Nd4. is cutting edge theory.} 7. c3 Nf6 8. d4 g5 (8... Bf5 {with more complications.} 9. Qxe7+ Nxe7 10. Be2 h5 11. h4 g6) 9. Qxe7+ {[#]} Nxe7 $146 ({Predecessor:} 9... Bxe7 10. Ne2 Nd5 11. Ng3 h5 12. Bd3 h4 13. Ne2 f5 14. Nd2 f4 15. h3 O-O {½-½ (61) Harikrishna,P (2724)-Bai,J (2600) China 2019}) 10. Ne2 h6 11. Ng3 Nf5 (11... Be6 {keeps more tension.} 12. Bd3 O-O-O 13. h4 gxh4 14. Rxh4 Nfd5) 12. Bd3 Nxg3 13. hxg3 Bg7 14. Na3 Be6 15. Nc4 Nd5 16. Ne3 c5 17. Be4 Nxe3 18. Bxe3 d5 {[#] Threatens to win with ...cxd4.} 19. Bc2 cxd4 20. Bxd4 Bxd4 21. cxd4 Rc8 22. Bd3 Ke7 23. Kd2 Rc6 24. b3 a5 25. Rac1 (25. Rae1 {is interesting.} Rb6 26. Re5 a4 27. Bc2 Rc6 28. f4) 25... Rxc1 {The position is equal.} 26. Rxc1 {White wants to play Rc7+.} Rc8 27. Rh1 Rh8 28. Rc1 Rc8 29. Rh1 Rh8 30. Rc1 {Weighted Error Value: White=0.08/Black=0.07} 1/2-1/2